[Event "Africa-ch"]
[Site "Cairo"]
[Date "2001.09.24"]
[Round "9"]
[White "Henni, Mohamed"]
[Black "Lungu, Nase"]
[Result "0-1"]
[WhiteElo "2314"]
[BlackElo "2250"]
[PlyCount "68"]
[EventDate "2001.09.16"]
[Source "ChessBase"]
[SourceDate "2001.10.26"]

1. e4 e5 2. Nf3 Nc6 3. Bb5 a6 4. Ba4 Nge7 5. d3 g6 6. O-O Bg7 7. Nbd2 O-O 8. c3 d5 9. Bb3 Na5 10. Bc2 c5 11. exd5 Qxd5 12. Re1 b5 13. d4 Bb7 14. Be4 Qe6 15. dxe5 Rad8 16. Bxb7 Nxb7 17. Qe2 Nc6 18. a4 c4 19. axb5 axb5 20. Ne4 Nxe5 21. Nd4 Rxd4 22. cxd4 Nd3 23. Rf1 Bxd4 24. Nc3 b4 25. Qxe6 fxe6 26. Nd1 Nbc5 27. Be3 Nb3 28. Bxd4 Nxa1 29. Be3 Nb3 30. f4 Ra8 31. g4 Ra1 32. f5 exf5 33. gxf5 gxf5 34. Kg2 f4 0-1

[Event "Hemus (10eme)"]
[Site "?"]
[Date "2004.08.08"]
[Round "6.4"]
[White "Stoinov Ivan"]
[Black "Stoinev Metodi"]
[Result "0-1"]
[WhiteElo "2250"]
[BlackElo "2305"]
[PlyCount "58"]
[EventDate "2004.??.??"]
[Source "www.chesslib.no"]
[SourceDate "2004.05.04"]

1. e4 e5 2. Nf3 Nc6 3. Bb5 a6 4. Ba4 Nge7 5. c3 d6 6. h3 Bd7 7. d4 Ng6 8. dxe5 dxe5 9. Be3 Bd6 10. Nbd2 b5 11. Bc2 O-O 12. O-O h6 13. a4 Qf6 14. Qe2 Nf4 15. Bxf4 Qxf4 16. axb5 axb5 17. b4 Ne7 18. Nb3 Ng6 19. Nc5 Bxc5 20. bxc5 Qf6 21. Nh2 Qc6 22. Qe3 Rxa1 23. Rxa1 Ra8 24. Rd1 Ra3 25. Qd2 Be6 26. Bd3 Qxc5 27. Ng4 Rxc3 28. Bxb5 Bxg4 29. hxg4 Rc2 0-1

[Event "Bayernliga 2002/03_R1"]
[Site "?"]
[Date "2002.10.20"]
[Round "1.1"]
[White "Rother Christoph"]
[Black "Mozes Erwin"]
[Result "1/2-1/2"]
[WhiteElo "2234"]
[BlackElo "2319"]
[PlyCount "78"]
[EventDate "2002.??.??"]
[Source "www.chesslib.no"]
[SourceDate "2004.05.04"]

1. e4 e5 2. Nf3 Nc6 3. Bb5 a6 4. Ba4 Nge7 5. d4 exd4 6. Nxd4 Nxd4 7. Qxd4 b5 8. Bb3 d6 9. c4 Be6 10. Nd2 Nc6 11. Qc3 Qf6 12. Qxf6 gxf6 13. a4 Nd4 14. axb5 Bh6 15. Bd1 Ke7 16. bxa6 Rhb8 17. Ra3 Rb6 18. a7 Rb7 19. b3 Raxa7 20. Rxa7 Rxa7 21. O-O Ra2 22. f4 Bxf4 23. Rxf4 Ra1 24. Rf1 Rxc1 25. Nf3 Nxf3+ 26. Bxf3 Rc3 27. Rb1 f5 28. Kf2 fxe4 29. Bxe4 f5 30. Bf3 f4 31. Be4 h5 32. Rb2 Kf6 33. Bc2 h4 34. h3 d5 35. cxd5 Bxd5 36. Bd1 Ke5 37. b4 Ra3 38. b5 Ra2 39. Rxa2 Bxa2 1/2-1/2

[Event "Istanbul ol (Men)"]
[Site "Istanbul"]
[Date "2000.11.09"]
[Round "12"]
[White "Mosquera, Miguel"]
[Black "Lungu, Nase"]
[Result "1/2-1/2"]
[WhiteElo "2333"]
[BlackElo "2200"]
[PlyCount "163"]
[EventDate "2000.10.??"]
[Source "www.chesslib.no"]
[SourceDate "2004.05.04"]

1. e4 e5 2. Nf3 Nc6 3. Bb5 a6 4. Ba4 Nge7 5. Nc3 d6 6. h3 Bd7 7. Bxc6 Bxc6 8. d4 Ng6 9. Be3 Be7 10. Qd3 h6 11. O-O-O b5 12. Kb1 Qc8 13. h4 h5 14. g3 Qb7 15. dxe5 dxe5 16. Nd5 Rd8 17. Bg5 f6 18. Bc1 Bd6 19. Rhe1 Ne7 20. Qb3 Bxd5 21. exd5 Bc5 22. Re2 Rxd5 23. Rxd5 Qxd5 24. Qxd5 Nxd5 25. Nxe5 Ne7 26. Ng6 Rh7 27. Nxe7 Bxe7 28. Re6 Kd7 29. Rxa6 Bc5 30. Be3 Bxe3 31. fxe3 Rh6 32. Ra3 Rg6 33. e4 Rg4 34. Re3 Ke6 35. c4 bxc4 36. Kc2 Kd6 37. Kc3 g5 38. hxg5 fxg5 39. Kxc4 h4 40. gxh4 gxh4 41. a4 h3 42. Rxh3 Rxe4+ 43. Kb5 Kd7 44. a5 Kc8 45. Rh5 Kb7 46. b4 c6+ 47. Kc5 Re7 48. Kd6 Rg7 49. Re5 Rg6+ 50. Re6 Rg4 51. Re7+ Ka6 52. Kc5 Rg6 53. Rd7 Rg1 54. Kxc6 Rc1+ 55. Kd5 Rd1+ 56. Ke6 Re1+ 57. Kf5 Rb1 58. Rd6+ Ka7 59. Rd4 Ka6 60. Ke6 Kb5 61. Kd6 Rc1 62. Kd7 Rc2 63. Kd8 Rc6 64. Re4 Rh6 65. Kc7 Rh7+ 66. Kc8 Rh8+ 67. Kd7 Rh1 68. Kc7 Rh7+ 69. Kd6 Rh1 70. Rf4 Rh6+ 71. Ke5 Rh1 72. Rd4 Rc1 73. Kd6 Rc2 74. Kd7 Rc1 75. Kd8 Rc6 76. Kd7 Rc1 77. Rh4 Rc2 78. Rh8 Kxb4 79. a6 Ra2 80. Rb8+ Kc5 81. Ra8 Kb6 82. Kd6 1/2-1/2

[Event "Corr"]
[Site "?"]
[Date "2000.06.20"]
[Round "?"]
[White "Sibbett Donald J. (USA)"]
[Black "Lewis James W. (USA)"]
[Result "1-0"]
[WhiteElo "2331"]
[BlackElo "2183"]
[PlyCount "85"]
[EventDate "2000.??.??"]
[Source "www.chesslib.no"]
[SourceDate "2004.05.04"]

1. e4 e5 2. Nf3 Nc6 3. Bb5 a6 4. Ba4 Nge7 5. c3 g6 6. d4 b5 7. Bb3 exd4 8. Ng5 d5 9. exd5 Nxd5 10. Nxf7 Kxf7 11. Qf3+ Kg7 12. Bxd5 Ne5 13. Qe4 Nd3+ 14. Qxd3 Qxd5 15. Qxd4+ Qxd4 16. cxd4 Bb7 17. O-O Bd6 18. Be3 Rae8 19. a4 b4 20. Nd2 Bd5 21. Rac1 c6 22. Nc4 Bc7 23. Rfe1 Rhf8 24. Ne5 Rf6 25. Nd3 a5 26. Bh6+ Kf7 27. Ne5+ Kg8 28. Re3 Bxe5 29. dxe5 Rfe6 30. f4 Kf7 31. g4 R6e7 32. Bg5 Rb7 33. Rc5 Be6 34. h3 Rd7 35. Rxa5 Rd2 36. Ra7+ Kg8 37. b3 Rb2 38. Be7 Bxb3 39. Bxb4 Be6 40. Bd6 Rc2 41. Rg3 Kh8 42. Rg2 Rc8 43. Rxc2 1-0

[Event "URU Ch"]
[Site "?"]
[Date "2004.05.16"]
[Round "4"]
[White "Escofet Jaime"]
[Black "Izquierdo Daniel"]
[Result "0-1"]
[WhiteElo "2190"]
[BlackElo "2307"]
[PlyCount "63"]
[EventDate "2004.??.??"]
[Source "www.chesslib.no"]
[SourceDate "2004.05.04"]

1. e4 e5 2. Nf3 Nc6 3. Bb5 a6 4. Ba4 Nge7 5. O-O g6 6. c3 Bg7 7. d4 exd4 8. Nxd4 b5 9. Bc2 O-O 10. Bg5 Bb7 11. f4 Nxd4 12. cxd4 c5 13. e5 cxd4 14. Nd2 d6 15. Qe1 dxe5 16. fxe5 d3 17. Bb3 Qd4+ 18. Kh1 Qg4 19. Qg3 Qxg3 20. hxg3 Nf5 21. Bf4 g5 22. Bxg5 Nxg3+ 23. Kg1 Nxf1 24. Rxf1 Bxe5 25. Be7 Bd4+ 26. Kh2 Bxb2 27. Bxf8 Rxf8 28. Nf3 Bf6 29. g4 h6 30. Kg3 Rd8 31. Kf4 Bd5 32. Rd1 0-1

[Event "Ch Mainz"]
[Site "Mainz GER"]
[Date "1995.??.??"]
[Round "5"]
[White "Seidel Michael"]
[Black "Plachetka, Jan"]
[Result "1-0"]
[WhiteElo "2020"]
[BlackElo "2420"]
[PlyCount "79"]
[EventDate "1995.??.??"]
[Source "www.chesslib.no"]
[SourceDate "2004.05.04"]

1. e4 e5 2. Nf3 Nc6 3. Bb5 a6 4. Ba4 Nge7 5. c3 d6 6. d4 Bd7 7. d5 Nb8 8. c4 Ng6 9. Bxd7+ Nxd7 10. g3 c5 11. Nc3 Be7 12. a3 Rb8 13. Qd3 h6 14. h4 h5 15. b4 cxb4 16. axb4 Qc7 17. Be3 O-O 18. Nd2 Rfc8 19. Ke2 Nb6 20. Rhc1 Nxc4 21. Nd1 b5 22. Rxa6 Qd7 23. Nxc4 bxc4 24. Rxc4 Qg4+ 25. Kd2 Rxc4 26. Qxc4 f5 27. Ba7 Rf8 28. Ne3 Qf3 29. Nxf5 Ra8 30. Qd3 Qg2 31. Qe2 Qh1 32. Kc2 Rc8+ 33. Rc6 Ra8 34. Rc7 Qa1 35. Qe3 Qa2+ 36. Kd1 Qb1+ 37. Ke2 Bf6 38. Rb7 Kh7 39. Qh6+ Kg8 40. Rxg7+ 1-0

[Event "Finjub30 IM corr"]
[Site "Finjub30 IM corr"]
[Date "1992.??.??"]
[Round "?"]
[White "Kauppala, Pekka"]
[Black "Kivimaki, Jaakko"]
[Result "0-1"]
[WhiteElo "2235"]
[BlackElo "2200"]
[PlyCount "50"]
[EventDate "1992.??.??"]
[Source "www.chesslib.no"]
[SourceDate "2004.05.04"]

1. e4 e5 2. Nf3 Nc6 3. Bb5 a6 4. Ba4 Nge7 5. Nc3 d6 6. d4 b5 7. Bb3 Nxd4 8. Nxd4 exd4 9. Qh5 Ng6 10. Bd5 Ra7 11. Ne2 c5 12. a4 b4 13. Ng3 Ne5 14. Qe2 g6 15. f4 Nd7 16. f5 Ne5 17. Bf4 Bg7 18. h4 Bf6 19. O-O-O Bxh4 20. fxg6 Bxg3 21. Bxe5 Qg5+ 22. Kb1 Bxe5 23. gxf7+ Kf8 24. Rh5 Qg6 25. Rdh1 Bg4 0-1

[Event "URS-chT"]
[Site "Riga"]
[Date "1975.??.??"]
[Round "?"]
[White "Kaiumov, Dmitry D"]
[Black "Zhemajitis, G."]
[Result "1-0"]
[WhiteElo "2200"]
[BlackElo "2200"]
[PlyCount "95"]
[EventDate "1975.??.??"]
[Source "ChessBase"]

1. e4 e5 2. Nf3 Nc6 3. Bb5 a6 4. Ba4 Nge7 5. O-O g6 6. c3 Bg7 7. d4 b5 8. Bb3 d6 9. dxe5 dxe5 10. Bxf7+ Kxf7 11. Qb3+ Ke8 12. Ng5 Rf8 13. Rd1 Bd7 14. Nxh7 Rh8 15. Ng5 Rf8 16. Nd2 Na5 17. Qc2 Qc8 18. b4 Nc4 19. Nxc4 bxc4 20. Qe2 Bg4 21. f3 Be6 22. Qf2 Bg8 23. Be3 Bf6 24. Qg3 Qb7 25. a4 Rd8 26. Rxd8+ Kxd8 27. Qh3 Qc8 28. Rd1+ Ke8 29. Qg3 Qb7 30. Qf2 Qc6 31. Qd2 Nc8 32. Bc5 Be7 33. Bxe7 Kxe7 34. Nh3 Qd6 35. Qe1 Qf6 36. Nf2 Be6 37. Qe3 Nd6 38. Qa7 Kd7 39. Qxa6 Qd8 40. Qb5+ Kc8 41. Qxe5 Bd7 42. Qa5 Kb8 43. e5 Nb7 44. Qa6 Qe7 45. Qxc4 c5 46. a5 Rc8 47. a6 cxb4 48. Qxb4 1-0

[Event "TCh-FIN"]
[Site "?"]
[Date "2000.??.??"]
[Round "?"]
[White "Vihinen, T."]
[Black "Paldanius, P."]
[Result "0-1"]
[WhiteElo "2160"]
[BlackElo "2235"]
[PlyCount "118"]
[EventDate "2000.??.??"]
[Source "www.chesslib.no"]
[SourceDate "2004.05.04"]

1. e4 e5 2. Nf3 Nc6 3. Bb5 a6 4. Ba4 Nge7 5. Bb3 Ng6 6. c3 Be7 7. O-O O-O 8. d4 d6 9. Nbd2 Na5 10. Bc2 c5 11. Nb3 cxd4 12. cxd4 Be6 13. dxe5 dxe5 14. Qxd8 Bxd8 15. Nc5 Bg4 16. Bd3 Be7 17. Be3 Rfd8 18. Be2 Nf4 19. Bxf4 exf4 20. b4 Nc6 21. a3 Bxc5 22. bxc5 Rac8 23. Rfd1 Bxf3 24. Bxf3 Nd4 25. Rac1 Rxc5 26. Rxc5 Nxf3+ 27. gxf3 Rxd1+ 28. Kg2 g6 29. Rc7 Rb1 30. Kh3 Rb3 31. Kg4 b5 32. a4 bxa4 33. Rc6 a3 34. Rxa6 Kg7 35. Kxf4 h6 36. Ra7 Kf6 37. Ra6+ Ke7 38. Kg4 h5+ 39. Kf4 Rc3 40. Ra7+ Ke6 41. Ra6+ Kd7 42. e5 Kc7 43. Ke4 Kb7 44. Ra4 Kc6 45. Ra8 Kb5 46. f4 Rc4+ 47. Kd5 Rc3 48. Kd4 Rf3 49. Ke4 Rh3 50. Kd4 Rf3 51. Ke4 Rh3 52. Kd4 Kb4 53. Rb8+ Ka4 54. Kc4 Ka5 55. Ra8+ Kb6 56. Kd4 Kb7 57. Ra4 Rf3 58. Ke4 Rb3 59. f5 Kc6 0-1

[Event "WC.2001.P.00001"]
[Site "?"]
[Date "1999.??.??"]
[Round "?"]
[White "Malaschitz Rio"]
[Black "Luebke Kai"]
[Result "1-0"]
[WhiteElo "2240"]
[BlackElo "2075"]
[PlyCount "21"]
[EventDate "1999.??.??"]
[Source "www.chesslib.no"]
[SourceDate "2004.05.04"]

1. e4 e5 2. Nf3 Nc6 3. Bb5 a6 4. Ba4 Nge7 5. c3 d6 6. d4 exd4 7. cxd4 d5 8. e5 Bg4 9. Nc3 Bxf3 10. gxf3 Qd7 11. Rg1 1-0

[Event "It (open) \"]
[Site "Jyvaskyla (Finland)"]
[Date "2007.07.16"]
[Round "1"]
[White "Ailasmaa K"]
[Black "Rantanen Yrjo A (FIN)"]
[Result "0-1"]
[WhiteElo "1857"]
[BlackElo "2357"]
[PlyCount "48"]
[EventDate "2007.??.??"]
[Source "www.chesslib.no"]
[SourceDate "2004.05.04"]

1. e4 e5 2. Nf3 Nc6 3. Bb5 a6 4. Ba4 Nge7 5. O-O d6 6. c3 Bd7 7. Re1 Ng6 8. d4 Be7 9. Nbd2 O-O 10. Nf1 Bg4 11. d5 Nh4 12. dxc6 Bxf3 13. gxf3 Qc8 14. Ne3 Qh3 15. cxb7 Rad8 16. Bc6 Bg5 17. f4 Bxf4 18. Qg4 Nf3+ 19. Qxf3 Qxf3 20. Nd5 Bxh2+ 21. Kf1 Qh1+ 22. Ke2 Qxe4+ 23. Be3 Qc4+ 24. Kf3 Qxc6 0-1

[Event "Sant Marti op 5th"]
[Site "?"]
[Date "2003.05.03"]
[Round "2.4"]
[White "Rodriguez German"]
[Black "Cerro Canizares Teodoro"]
[Result "1-0"]
[WhiteElo "2200"]
[BlackElo "1955"]
[PlyCount "59"]
[EventDate "2003.??.??"]
[Source "www.chesslib.no"]
[SourceDate "2004.05.04"]

1. e4 e5 2. Nf3 Nc6 3. Bb5 a6 4. Ba4 Nge7 5. O-O g6 6. c3 Bg7 7. d4 exd4 8. cxd4 d5 9. exd5 Nxd5 10. Re1+ Be6 11. Bxc6+ bxc6 12. Ng5 O-O 13. Nxe6 fxe6 14. Nc3 Qf6 15. Ne4 Qxd4 16. Qg4 Rae8 17. Rd1 Qb6 18. Qh4 e5 19. Ng5 h6 20. Ne4 Kh7 21. Rb1 Rf5 22. g4 Rf7 23. Ng5+ Kg8 24. Nxf7 Kxf7 25. Bxh6 Qb4 26. Bxg7 Kxg7 27. Qg3 Re7 28. a3 Qc4 29. Rdc1 Qb5 30. Rc2 1-0

[Event "Corr"]
[Site "?"]
[Date "1999.12.13"]
[Round "?"]
[White "Norvoll Pal I"]
[Black "Hopf Werner"]
[Result "1/2-1/2"]
[WhiteElo "1465"]
[BlackElo "1513"]
[PlyCount "60"]
[EventDate "1999.??.??"]
[Source "www.chesslib.no"]
[SourceDate "2004.05.04"]

1. e4 e5 2. Nf3 Nc6 3. Bb5 a6 4. Ba4 Nge7 5. c3 d6 6. O-O g6 7. d4 Bd7 8. d5 Nb8 9. Be3 Bg7 10. Nbd2 O-O 11. Bc2 f5 12. g3 Qc8 13. Bg5 Rf7 14. Bxe7 Rxe7 15. exf5 Bxf5 16. Ng5 Bd7 17. Re1 a5 18. Nge4 Na6 19. Nf1 b6 20. a4 Nc5 21. Ne3 Nxe4 22. Bxe4 Rf7 23. Ra2 Bh6 24. b3 Bxe3 25. Rxe3 Bf5 26. Bf3 Qd8 27. Bg2 Qd7 28. Qf1 Raf8 29. b4 Ra8 30. b5 Raf8 1/2-1/2

[Event "Bad Wörishofen (13.03.-21.03)"]
[Site "?"]
[Date "2003.??.??"]
[Round "3"]
[White "Bartlitz Heinz"]
[Black "Schoeffler Herta"]
[Result "1/2-1/2"]
[WhiteElo "1537"]
[BlackElo "1348"]
[PlyCount "100"]
[EventDate "2003.??.??"]
[Source "www.chesslib.no"]
[SourceDate "2004.05.04"]

1. e4 e5 2. Nf3 Nc6 3. Bb5 a6 4. Ba4 Nge7 5. c3 d6 6. d3 h6 7. Nbd2 Bd7 8. Nf1 Ng6 9. Ng3 Be7 10. O-O O-O 11. h3 Nh4 12. Nxh4 Bxh4 13. Ne2 Bg5 14. f4 exf4 15. Bxf4 Bxf4 16. Nxf4 b5 17. Bb3 Qg5 18. Kh1 Ne5 19. Qe2 c6 20. Rae1 Rae8 21. Qf2 a5 22. a4 Ng6 23. Nxg6 Qxg6 24. Re3 Be6 25. Bd1 f6 26. Rg3 Qf7 27. axb5 cxb5 28. Qe3 Kh7 29. Rf4 g5 30. Rf1 Qb7 31. Rgf3 Kg7 32. Qd4 Qe7 33. g4 Rb8 34. Qf2 a4 35. Kg1 Rb7 36. d4 Bc4 37. Be2 Bxe2 38. Qxe2 d5 39. e5 Kg8 40. Qd3 Rb6 41. exf6 Rfxf6 42. Rxf6 Rxf6 43. Rxf6 Qxf6 44. Qxb5 Qf3 45. Qf1 Qg3+ 46. Qg2 Qe3+ 47. Kh1 Qc1+ 48. Kh2 Qf4+ 49. Kg1 Qc1+ 50. Kh2 Qf4+ 1/2-1/2